| 000 | 00586nam a2200169 i 4500 | ||
|---|---|---|---|
| 001 | 48442 | ||
| 003 | ES-MaACL | ||
| 005 | 20230906161743.0 | ||
| 007 | t| | ||
| 008 | 030820s1895 fr c |||| |bfre d | ||
| 100 | 1 |
_aDedouvres, Louis. _943191 |
|
| 245 | 1 | 3 |
_aLe Père Joseph, polémiste, ses premiers écrits, 1623-1626 _b: Thèse présentée áa la Faculté des Lettres de Paris / _cpar l'abbé L. Dedouvres... |
| 260 |
_aParis : _bA. Picard et Fils, _c1895. |
||
| 300 |
_a637 p. : _bretr. ; _c24 cm. |
||
| 600 | 0 | 4 |
_aJoseph de Paris _c(O.F.M. Cap.) _9164973 |
| 852 |
_aES-MaACL _jB-510 |
||
| 999 |
_c48442 _d48442 |
||